| 000 | 00583nam a22001937a 4500 | ||
|---|---|---|---|
| 005 | 20260429145827.0 | ||
| 008 | 260429b |||||||| |||| 00| 0 eng d | ||
| 020 |
_a9781551303475 _qpbk |
||
| 082 |
_a306.44 _bDAN |
||
| 100 | _aDanesi, Marcel | ||
| 245 | _aLanguage, society, and culture : introducing anthropological linguistics | ||
| 250 | _a2008 | ||
| 260 |
_aToronto _bCanadian Scholar's Press _c2008 |
||
| 300 | _axi, 312p. ; 22cm. | ||
| 653 | _aAnthropological linguistics | ||
| 653 | _aBasic course in anthropological linguistics | ||
| 653 | _aHS614 | ||
| 942 |
_2ddc _cBK |
||
| 999 |
_c53160 _d53160 |
||